<?xml version="1.0" encoding="UTF-8"?>
<record
    xmlns:xsi="http://www.w3.org/2001/XMLSchema-instance"
    xsi:schemaLocation="http://www.loc.gov/MARC21/slim http://www.loc.gov/standards/marcxml/schema/MARC21slim.xsd"
    xmlns="http://www.loc.gov/MARC21/slim">

  <leader>02355njm a2200433Ia 4500</leader>
  <controlfield tag="001">F2140</controlfield>
  <controlfield tag="003">IT-RoPAU</controlfield>
  <controlfield tag="005">20220918181115.0</controlfield>
  <controlfield tag="008">131025s9999    xx            000 0 und d</controlfield>
  <datafield tag="040" ind1=" " ind2=" ">
    <subfield code="a">IT-RoPAU</subfield>
  </datafield>
  <datafield tag="040" ind1=" " ind2=" ">
    <subfield code="c">IT-RoPAU</subfield>
  </datafield>
  <datafield tag="041" ind1=" " ind2=" ">
    <subfield code="a">ITALIANO</subfield>
  </datafield>
  <datafield tag="999" ind1=" " ind2=" ">
    <subfield code="c">99298</subfield>
    <subfield code="d">99298</subfield>
  </datafield>
  <datafield tag="999" ind1=" " ind2=" ">
    <subfield code="b">n.d.</subfield>
  </datafield>
  <datafield tag="100" ind1=" " ind2=" ">
    <subfield code="a">AA.VV.</subfield>
    <subfield code="9">794</subfield>
  </datafield>
  <datafield tag="100" ind1=" " ind2=" ">
    <subfield code="e">Autore musica</subfield>
    <subfield code="9">32475</subfield>
  </datafield>
  <datafield tag="100" ind1=" " ind2=" ">
    <subfield code="g">Codice autore musica SPICS: 12000</subfield>
    <subfield code="9">796</subfield>
  </datafield>
  <datafield tag="245" ind1=" " ind2=" ">
    <subfield code="a">Nessuno</subfield>
  </datafield>
  <datafield tag="250" ind1=" " ind2=" ">
    <subfield code="a">1a ed.</subfield>
  </datafield>
  <datafield tag="260" ind1=" " ind2=" ">
    <subfield code="a">ITALIA</subfield>
  </datafield>
  <datafield tag="260" ind1=" " ind2=" ">
    <subfield code="b">BMG RICORDI</subfield>
    <subfield code="c">1998 [1a Ed.:1998 - Ed. Lingua Orig.: 1998]</subfield>
  </datafield>
  <datafield tag="300" ind1=" " ind2=" ">
    <subfield code="a">COMPACT DISC</subfield>
  </datafield>
  <datafield tag="300" ind1=" " ind2=" ">
    <subfield code="c">62 minuti (Testo: 0 pag.)</subfield>
  </datafield>
  <datafield tag="500" ind1=" " ind2=" ">
    <subfield code="a">Musica rap. Testo della canzone "Nessuno".</subfield>
  </datafield>
  <datafield tag="505" ind1=" " ind2=" ">
    <subfield code="a">Il parto (8:00) - La rinascita (6:00) - La fidanzata (4:00) - Buon sangue non mente (5:00) - Non so cos'&#xE8; (4:00) - Davanti alla tv (4:00) - Nessuno (5:00) - Per Sabino (2:00) - Dall'altra parte della strada (5:00) - Venerdi (5:00) - La frase (2:00) - Vai bello (4:00) - Scacco matto (9:00) - Aria (4:00) - Come uno su mille (5:00) - Non c'&#xE8; sveglia (4:00) - Come una pietra scalciata (5:00) - Il mondo dove vivo (4:00)</subfield>
  </datafield>
  <datafield tag="650" ind1=" " ind2=" ">
    <subfield code="a">RAP [COMPACT DISC]</subfield>
    <subfield code="e">Codice MATERIA SPICS: 9949</subfield>
    <subfield code="9">32476</subfield>
  </datafield>
  <datafield tag="700" ind1=" " ind2=" ">
    <subfield code="a">Articolo 31 </subfield>
    <subfield code="g">Codice interprete SPICS: 50655</subfield>
    <subfield code="e">Interprete</subfield>
    <subfield code="9">32477</subfield>
  </datafield>
  <datafield tag="700" ind1=" " ind2=" ">
    <subfield code="a">Aleotti A.</subfield>
    <subfield code="g">Codice autore musica SPICS: 50656</subfield>
    <subfield code="4">Autore musica</subfield>
    <subfield code="9">32478</subfield>
  </datafield>
  <datafield tag="700" ind1=" " ind2=" ">
    <subfield code="a">Perrini V.</subfield>
    <subfield code="g">Codice autore SPICS: 50657</subfield>
    <subfield code="e">Autore</subfield>
    <subfield code="9">32479</subfield>
  </datafield>
  <datafield tag="700" ind1=" " ind2=" ">
    <subfield code="a">Gullmar</subfield>
    <subfield code="g">Codice autore testo/musica SPICS: 22528</subfield>
    <subfield code="e">Autore testo/musica</subfield>
    <subfield code="p">La fidanzata</subfield>
    <subfield code="9">32480</subfield>
  </datafield>
  <datafield tag="700" ind1=" " ind2=" ">
    <subfield code="a">Arbelo Rosana</subfield>
    <subfield code="g">Codice autore SPICS: 49671</subfield>
    <subfield code="e">Autore</subfield>
    <subfield code="p">Non so cos'&#xE8;</subfield>
    <subfield code="9">32481</subfield>
  </datafield>
  <datafield tag="700" ind1=" " ind2=" ">
    <subfield code="a">Godi G.</subfield>
    <subfield code="g">odice autore testo/musica SPICS: 50658</subfield>
    <subfield code="e">Autore testo/musica</subfield>
    <subfield code="p">Per Sabino - Dall'altra parte della strada</subfield>
    <subfield code="9">32482</subfield>
  </datafield>
  <datafield tag="700" ind1=" " ind2=" ">
    <subfield code="a">Busnaghi E.</subfield>
    <subfield code="g">Codice autore testo/musica SPICS: 50659</subfield>
    <subfield code="e">Autore testo/musica</subfield>
    <subfield code="p">Vai bello</subfield>
    <subfield code="9">32483</subfield>
  </datafield>
  <datafield tag="700" ind1=" " ind2=" ">
    <subfield code="a">Alexander J.</subfield>
    <subfield code="g">Codice autore musica SPICS: 24565</subfield>
    <subfield code="e">Autore musica</subfield>
    <subfield code="p">Scacco matto</subfield>
    <subfield code="9">32484</subfield>
  </datafield>
  <datafield tag="700" ind1=" " ind2=" ">
    <subfield code="a">Mogol (Rapetti Giulio)</subfield>
    <subfield code="g">Codice autore SPICS: 13643</subfield>
    <subfield code="e">Autore</subfield>
    <subfield code="p">Aria</subfield>
    <subfield code="9">32485</subfield>
  </datafield>
  <datafield tag="700" ind1=" " ind2=" ">
    <subfield code="a">Migliacci Franco</subfield>
    <subfield code="g">Codice autore SPICS: 13653</subfield>
    <subfield code="e">Autore</subfield>
    <subfield code="p">Come uno su mille</subfield>
    <subfield code="9">32486</subfield>
  </datafield>
  <datafield tag="700" ind1=" " ind2=" ">
    <subfield code="a">Dylan Bob</subfield>
    <subfield code="g">Codice autore musica SPICS: 7026</subfield>
    <subfield code="e">Autore musica</subfield>
    <subfield code="p">Come una pietra scalciata</subfield>
    <subfield code="9">32487</subfield>
  </datafield>
  <datafield tag="700" ind1=" " ind2=" ">
    <subfield code="a">Morricone Ennio</subfield>
    <subfield code="g">Codice autore SPICS: 3535</subfield>
    <subfield code="e">Autore</subfield>
    <subfield code="p">Il mondo dove vivo</subfield>
    <subfield code="9">32488</subfield>
  </datafield>
  <datafield tag="942" ind1=" " ind2=" ">
    <subfield code="c">CD</subfield>
    <subfield code="2">ddc</subfield>
  </datafield>
  <datafield tag="952" ind1=" " ind2=" ">
    <subfield code="0">0</subfield>
    <subfield code="1">0</subfield>
    <subfield code="4">0</subfield>
    <subfield code="6">F_2140_000000000000000</subfield>
    <subfield code="7">1</subfield>
    <subfield code="a">SPICS</subfield>
    <subfield code="b">SPICS</subfield>
    <subfield code="d">2013-10-25</subfield>
    <subfield code="l">0</subfield>
    <subfield code="o">F2140</subfield>
    <subfield code="r">2013-10-25 00:00:00</subfield>
    <subfield code="w">2013-10-25</subfield>
    <subfield code="y">CD</subfield>
    <subfield code="z">Progr. Ins.: 22421 / N.Vol.: 1 / Copie: 1 - Copia rara: n.d. / date import: 01.01.2014 - By Epidotti, Trombetti, Vaglietti</subfield>
  </datafield>
</record>
